000 00578nam a2200169Ia 4500
008 220216s9999 xx 000 0 und d
100 _aChandrasekhar T R
245 0 _aShortening breeding cycle in Hevea brasiliensis: Imperative evidences from clone trials
260 _bPreprints of papers: International Natural Rubber Conference, 6-8 November 2005, Cochin, India, p.18-26.
650 _aBreeding cycle
650 _aClone trials
700 _aMarattukalam J G
700 _aMercykutty V C
700 _aPriyadarshan P M
700 _aSaraswathyamma C K
942 _cJS
999 _c68665
_d68665